00291nam a22000977a 4500082001600000100002700016245007300043260004600116300000800162650002300170 a229 SCH1 V1 aSchneemelcher, Wilhelm aEdgar Hennecke New Testament Apocrypha: Gospels and Related Writings aPhiladelphiabThe Westminster Pressc1959 a531 aApocryphal Gospels